Normal view
MARC view
Entry Personal Name
001 - CONTROL NUMBER
- control field: 37140
003 - CONTROL NUMBER IDENTIFIER
- control field: ARRUPE
005 - DATE AND TIME OF LATEST TRANSACTION
- control field: 20171017101033.0
008 - FIXED-LENGTH DATA ELEMENTS
- fixed length control field: 171017|| aca||aabn | a|a d
040 ## - CATALOGING SOURCE
- Original cataloging agency: ARRUPE
- Transcribing agency: ARRUPE
100 ## - HEADING--PERSONAL NAME
- Personal name: Chenu, M. Dominique
670 ## - SOURCE DATA FOUND
- Source citation: Work cat.: (ARRUPE)49413: Chenu, M. Dominique, The scope of the Summa of St. Thomas